Floriano Bodini : premio Bolaffi 1979.

Saved in:
Bibliographic Details
Main Author: Bodini, Floriano, 1933-
Format: Book
Language:Italian
Published: [Milano] : Giulio Bolaffi Editore, 1979.
Series:Catalogo nazionale Bolaffi d'arte moderna ; no. 14.
Subjects:
Tags: Add Tag
No Tags, Be the first to tag this record!
LEADER 00713nam a2200229Ia 4500
001 004714432-7
005 20020606095253.2
008 850325s1979 it a 000 0 ita d
035 0 |a ocm11845846 
040 |a WAU  |c WAU  |d HFL 
050 4 |a NB623.B67  |b A4 1979 
100 1 |a Bodini, Floriano,  |d 1933- 
245 1 0 |a Floriano Bodini :  |b premio Bolaffi 1979. 
246 3 |a Premio Bolaffi 1979. 
260 |a [Milano] :  |b Giulio Bolaffi Editore,  |c 1979. 
300 |a [32] p. :  |b ill. ;  |c 28 cm. 
490 1 |a Catalogo nazionale Bolaffi d'arte moderna ;  |v no. 14 
500 |a Cover title. 
600 1 0 |a Bodini, Floriano,  |d 1933- 
830 0 |a Catalogo nazionale Bolaffi d'arte moderna ;  |v no. 14. 
988 |a 20020608 
906 |0 OCLC